Normal view
MARC view
Entry Topical Term
001 - CONTROL NUMBER
- control field: 12682
003 - CONTROL NUMBER IDENTIFIER
- control field: ARRUPE
005 - DATE AND TIME OF LATEST TRANSACTION
- control field: 20141114130544.0
008 - FIXED-LENGTH DATA ELEMENTS
- fixed length control field: 141114|| aca||aabn | a|a d
040 ## - CATALOGING SOURCE
- Original cataloging agency: ARRUPE
- Transcribing agency: ARRUPE
150 ## - HEADING--TOPICAL TERM
- Topical term or geographic name as entry element: Sociology, Urban.
670 ## - SOURCE DATA FOUND
- Source citation: Work cat.: (ARRUPE)0: Keller, Suzanne Infeld, 1927- 12680, The urban neighborhood:, [1968]